Historia de la revolución de México contra la dictadura del General Santa-Anna 1853-1855. (Record no. 3579)

MARC details
000 -CABECERA
campo de control de longitud fija 00755nam a2200241 a 4500
001 - NÚMERO DE CONTROL
campo de control BRCA_3851
005 - FECHA Y HORA DE LA ÚLTIMA TRANSACCIÓN
campo de control 20190320204440.0
008 - DATOS DE LONGITUD FIJA--INFORMACIÓN GENERAL
campo de control de longitud fija 161209s1856----mx-a######---#000-0#spa-#
041 ## - CÓDIGO DE LENGUA
Código de lengua del texto/banda sonora o título independiente spa
044 ## - CÓDIGO DEL PAÍS DE LA ENTIDAD EDITORA/PRODUCTORA
Código MARC del país mx
050 #4 - SIGNATURA TOPOGRÁFICA DE LA BIBLIOTECA DEL CONGRESO
Número de clasificación F1232.S3
Número de documento/Ítem .H67 1
-- 1856
245 10 - MENCIÓN DE TÍTULO
Título Historia de la revolución de México contra la dictadura del General Santa-Anna 1853-1855.
260 ## - PUBLICACIÓN, DISTRIBUCIÓN, ETC.
Lugar de publicación, distribución, etc. México
Nombre del editor, distribuidor, etc. Vicente García Torres
Fecha de publicación, distribución, etc. 1856
300 ## - DESCRIPCIÓN FÍSICA
Extensión v, 335 p.
Otras características físicas il., mapas, retratos
Dimensiones 23 cm.
500 ## - NOTA GENERAL
Nota general Incluye apéndice
500 ## - NOTA GENERAL
Nota general Ejemplar igual a B132
500 ## - NOTA GENERAL
Nota general B77
600 14 - PUNTO DE ACCESO ADICIONAL DE MATERIA--NOMBRE DE PERSONA
Nombre de persona Santa Anna, Antonio López de
Fechas asociadas al nombre 1795-1876
9 (RLIN) 10028
600 14 - PUNTO DE ACCESO ADICIONAL DE MATERIA--NOMBRE DE PERSONA
Nombre de persona Comonfort, Ignacio
Fechas asociadas al nombre 1812-1863
9 (RLIN) 10029
651 #4 - PUNTO DE ACCESO ADICIONAL DE MATERIA--NOMBRE GEOGRÁFICO
Nombre geográfico México
Subdivisión general Historia
Subdivisión cronológica 1821-1861
9 (RLIN) 618
902 ## - CATALOGADOR
Iniciales GFM
942 ## - ELEMENTOS DE PUNTO DE ACCESO ADICIONAL (KOHA)
Fuente del sistema de clasificación o colocación Library of Congress Classification
Tipo de ítem Koha Libros
Holdings
Estado de retiro Estado de pérdida Estado dañado No para préstamo Localización permanente Ubicación/localización actual Fecha de adquisición Número de inventario Total de préstamos Signatura topográfica completa Código de barras Fecha visto por última vez Precio válido a partir de Tipo de ítem Koha
El ejemplar forma parte de la colección y puede ser consultado según las políticas vigentes.       Biblioteca del Museo Franz Mayer (Rogerio Casas-Alatriste) Biblioteca del Museo Franz Mayer (Rogerio Casas-Alatriste) 16/12/2009 B77   F1232.S3 .H67 1 1856 (B77) 3848 22/03/2019 22/03/2019 Libros